|
|
|
|
| LEADER |
00000nam a22000007a 4500 |
| 005 |
20120615151650.0 |
| 007 |
cr|||| |||| |
| 008 |
120615s2011 co |||||s|||| 00||0 spa d |
| 020 |
|
|
|a 978-958-738-223-5
|
| 035 |
|
|
|a 6361
|
| 040 |
|
|
|a vLex
|
| 090 |
|
|
|c 3184
|d 3184
|
| 100 |
1 |
|
|a Rodrg̕uez Azuero, Sergio
|
| 245 |
1 |
3 |
|a El sistema financiero del siglo XXI a partir de la ley 45 de 1990
|h [Recurso electrn̤ico] /
|c Sergio Rodrg̕uez Azuero, Mara̕ Luca̕ Torres Villarreal
|
| 256 |
|
|
|a Servicio en ln̕ea
|
| 260 |
|
|
|a Bogot ̀:
|b Editorial Universidad del rosario,
|c 2011
|
| 300 |
|
|
|a 1 recurso electrn̤ico
|
| 506 |
1 |
|
|a Contenido solo disponible en los productos indicados
|d vLex Global
|d vLex Global (Academic Edition, excluding Law Schools)
|d vLex Global (U.S. Academic Edition, Law Schools)
|d vLex Global (U.S. Academic Edition, excluding Law Schools)
|d vLex Global (Academic Edition, Law Schools)
|
| 650 |
0 |
4 |
|a Sistema financiero
|z Colombia
|
| 700 |
1 |
|
|a Torres Villarreal, Mara̕ Luca̕
|
| 740 |
0 |
|
|a vLex Libros (servicio en ln̕ea)
|
| 856 |
4 |
0 |
|u http://vlex.com/source/sistema-financiero-siglo-xxi-ley-45-1990-6361
|z Acceso restringido
|
| 942 |
|
|
|c BOOK
|
| 999 |
0 |
|
|b Financial system
|